000 00728nam a22002057a 4500
005 20251108170739.0
008 250721s1999 xx 000 0 ara d
082 1 4 _aط/612.8/شلش
100 1 _aشلش، صبحي عمران
245 1 0 _aالجهاز الهضمي /
246 1 1 _adigestive system
250 _aط2
264 1 _aعمان :
_bمؤسسة المجلس العربي للعلوم و الطب و التكنولوجيا،
_c1999.
300 _a48ص
490 0 _aجولة علمية داخل جسم الإنسان : سلسلة أعضاء جسم الإنسان و أسراره ؛6
650 1 7 _aجهاز الهضم
653 _aناشاون صغار (10-14 سنه )
942 _2ddc
_cBK
999 _c48039
_d48039